000 00547nam a22002051c 4500
001 a987688652
008 171108s1966 gw |||| 000u eng d
041 _aeng
100 1 _aDyck, Harvey L.
245 0 0 _aWeimar Germany and Soviet Russia 1926-1933 :
_ba study in diplomatic instability
264 _aNew York :
_bColumbia Univ. Press,
_c1966
300 _a279 Seiten
648 0 _a<1926-1933>
650 0 _aAußenpolitik
651 0 _aDeutschland
651 0 _aSowjetunion
942 _cMG
040 _cRU-10907106
003 RU-10907106
999 _c49124
_d49124